|
|
|
|
| LEADER |
00000cim a2200000 a 4500 |
| 001 |
vtls010265614 |
| 003 |
SK-MaSNL |
| 005 |
20260301213400.0 |
| 007 |
sd fmngnnmmned |
| 008 |
180809s2011 xo nnnnfs h n slo |
| 015 |
|
|
|a SNBJ2013
|
| 020 |
|
|
|a 9788081109195
|q (CD-ROM)
|
| 040 |
|
|
|a SNK
|b slo
|c SNK
|e AACR2
|
| 041 |
0 |
|
|a slo
|
| 043 |
|
|
|a e-xr---
|b e-xr-mr
|a e-xo---
|
| 044 |
|
|
|a xo
|c SK
|
| 072 |
|
7 |
|a 94(437)
|x Dejiny Česka a Slovenska
|2 konspekt
|
| 080 |
|
|
|a 94(437.6)
|2 2001
|
| 080 |
|
|
|a 94(437.32)
|2 2001
|
| 080 |
|
|
|a (048.8)
|2 2001
|
| 080 |
|
|
|a (086.76)
|2 2001
|
| 100 |
1 |
|
|a Kučera, Matúš,
|d 1932-2022
|4 aut
|9 228571
|
| 245 |
1 |
0 |
|a Postavy veľkomoravskej histórie
|h elektronický zdroj
|c Kučera, Matúš ; [načítal:] Jozef Lapšanský
|
| 260 |
|
|
|a Levoča
|b SKN
|c 2011
|
| 300 |
|
|
|a 1 elektronický optický disk (CD-ROM)
|b digitál., mono., MP3
|c 12 cm
|
| 306 |
|
|
|a 180000
|
| 490 |
1 |
|
|a Cesta dejinami
|
| 518 |
|
|
|a Načítané v r. 2011 v Levoči
|
| 521 |
|
|
|a Pre nevidiacich a slabozrakých
|
| 648 |
|
7 |
|a 9.-10. stor.
|2 SNKPH
|9 300646
|
| 648 |
|
7 |
|a 9th-10th centuries
|2 SNKPHeng
|9 300647
|
| 651 |
|
7 |
|a Veľká Morava
|2 SNKPH
|9 66060
|
| 651 |
|
7 |
|a Slovensko
|x dejiny
|2 SNKPH
|9 13278
|
| 651 |
|
7 |
|a Great Moravia
|2 SNKPHeng
|9 282673
|
| 651 |
|
7 |
|a Slovakia
|x history
|2 SNKPHeng
|9 266841
|
| 655 |
|
7 |
|a monografie
|2 SNKPH
|9 70139
|
| 655 |
|
7 |
|a CD-ROM
|2 SNKPH
|9 70236
|
| 655 |
|
7 |
|a zvukové záznamy
|2 SNKPH
|9 70720
|
| 655 |
|
7 |
|a Monographs
|2 SNKPHeng
|9 120675
|
| 655 |
|
7 |
|a Sound recordings
|2 SNKPHeng
|9 151394
|
| 700 |
1 |
|
|a Lapšanský, Jozef
|4 nrt
|9 325837
|
| 710 |
2 |
|
|a Slovenská knižnica pre nevidiacich Mateja Hrebendu v Levoči
|4 pbl
|9 249391
|
| 830 |
|
0 |
|a Cesta dejinami
|9 600211
|
| 919 |
|
|
|a 978-80-8110-919-5
|
| 958 |
|
|
|a SX
|
| 958 |
|
|
|a LX
|
| 999 |
|
|
|c 921449
|d 923379
|
| 952 |
|
|
|a SNK
|b SNK
|y NEVYP
|7 1
|p 17A0696792
|o snkSCDM 3722
|i snk2011/8652
|8 0
|0 0
|1 0
|4 0
|d 2011-04-14
|l 0
|r 2026-02-24 08:18:01
|w 2026-02-24
|